01408nam a22001817a 4500003001000000005001700010008004100027040001400068041000700082100002000089245006000109260003500169300001200204500011600216520086600332650001701198654001101215IT-MiCISF20170329171827.0170329b xxu||||| |||| 00| 0 eng d cIT-MiCISF ait aRicci Giancarlo aSessualità e politicabViaggio nell'arcipelago gender aMilanobSugarco Edizionic2016 app. 234 asessualità, famiglia, ruoli-sessuali, identità-sessuale, differenza-sessuale, omosessualità, psicoanalisi aEsiste o non esiste l'ideologia gender? Che cosa propugna e chi la sostiene? Quali sono le sue implicazioni? Perché viene osteggiata? Il dibattito intorno alle unioni gay, alle adozioni in famiglie omogenitoriali, alle nuove possibilità della fecondazione eterologa sembrano spingerci sempre più verso una mutazione antropologica. L’ A. qui individua 60 voci fondamentali che rappresentano il terreno su cui si gioca una scommessa decisiva e, tenendo conto di alcuni documenti governativi a livello sia italiano sia europeo, vogliono informare, spiegare e rispondere alle sottili implicazioni proposte dal pensiero gender. Si tratta di un viaggio, che attraversa i concetti cardine della psicoanalisi, della filosofia, del diritto, dell'antropologia con una serie di rinvii interni che permettono al lettore di costruirsi un proprio percorso di lettura. asessualità asaggio